000 00485nam a2200181Ia 4500
008 240729s9999 xx 000 0 und d
022 _a2405-8807
245 0 _aClimate Services
260 _aNetherlands
260 _bElsevier
650 _a Meteorology. Climatology | Social Sciences
650 _a Physics
650 _a Social sciences (General)
650 _aScience
856 _uhttps://doaj.org/toc/12bc225829674368941e4546af05eb33
942 _2ddc
942 _cDOAJEJ
999 _c70368
_d70368
945 _a1
_bMadushi Gamage
_c1
_dMadushi Gamage